|
|
|
|
| LEADER |
00000nam0a2200000 4500 |
| 001 |
308433 |
| 005 |
20231102002107.0 |
| 020 |
|
|
|a RU
|b 81-89470
|
| 035 |
|
|
|a (RuTPU)RU\TPU\book\333753
|
| 090 |
|
|
|a 308433
|
| 100 |
|
|
|a 20151102d1981 km y0rusy5003 ca
|
| 101 |
0 |
|
|a rus
|
| 102 |
|
|
|a RU
|
| 105 |
|
|
|a a j 001zy
|
| 200 |
1 |
|
|a Очистные сооружения газонефтеперекачивающих станций и нефтебаз
|e учебник для вузов
|f Г. А. Роев
|
| 210 |
|
|
|a Москва
|c Недра
|d 1981
|
| 215 |
|
|
|a 240 с.
|c ил.
|
| 320 |
|
|
|a Библиогр.: с. 235
|
| 606 |
1 |
|
|a Нефтебазы и нефтесклады
|x Насосное хозяйство
|x Автоматизация
|2 stltpush
|3 (RuTPU)RU\TPU\subj\45539
|9 64737
|
| 610 |
1 |
|
|a очистные сооружения
|
| 610 |
1 |
|
|a водное хозяйство
|
| 610 |
1 |
|
|a учебники
|
| 610 |
1 |
|
|a перекачивающие станции
|
| 610 |
1 |
|
|a вода
|
| 610 |
1 |
|
|a загрязнение
|
| 610 |
1 |
|
|a водоснабжение
|
| 610 |
1 |
|
|a канализация
|
| 610 |
1 |
|
|a сточные воды
|
| 610 |
1 |
|
|a очистка
|
| 610 |
1 |
|
|a методы
|
| 610 |
1 |
|
|a биологическая очистка
|
| 610 |
1 |
|
|a флотационная очистка
|
| 610 |
1 |
|
|a механическая очистка
|
| 675 |
|
|
|a 622.692.5(075.8)
|z rus
|v 3
|
| 700 |
|
1 |
|a Роев
|b Г. А.
|g Георгий Андреевич
|4 070
|
| 801 |
|
0 |
|a RU
|b RuMRKP
|c 19950704
|g psbo
|
| 801 |
|
1 |
|a RU
|b 63413507
|c 20151102
|
| 801 |
|
2 |
|a RU
|b 63413507
|c 20190712
|g RCR
|
| 942 |
|
|
|c BK
|